| 000 | 00583nam a22002057a 4500 | ||
|---|---|---|---|
| 999 |
_c2627 _d2627 |
||
| 003 | AR-CdUCM | ||
| 008 | 190305b ||||| |||| 00| 0 spa d | ||
| 020 | _a84-204-8101-7 | ||
| 040 |
_aMUNICIPALIDAD PROVINCIAL DEL CUSCO _cBIBLIOTECA MUNICIPAL DEL CUSCO |
||
| 082 |
_a868.6 / _bP44 |
||
| 100 |
_aPérez-Reverte, Arturo _99248 |
||
| 245 | _aEl maestro de esgrima / | ||
| 260 |
_aMadrid : _bAlfaguara, _c1998. |
||
| 300 |
_a275 páginas ; _c18 cm. |
||
| 650 |
_aNovela _95 |
||
| 650 |
_aEspañol _97869 |
||
| 650 |
_aNovela policíaca _99249 |
||
| 942 |
_2ddc _cLIBROS |
||
| 945 | _admma | ||